Use of European Union Funds in Financing of Small and Medium-sized Enterprises in the Slovak Republic
Zhodnotenie využívania fondov EÚ v rámci financovania malých a stredných podnikov v SR. Spôsoby, ako zlepšiť systém podporovania podnikov. Teoretické pozadie a prax financovania. Legislatívny a inštitucionálny rámec podpory. Prehľad finančných nástrojov v rokoch 2014-2020.
Enregistré dans:
| Auteur principal: | |
|---|---|
| Format: | Chapitre de livre |
| Langue: | anglais |
| Sujets: | |
| Tags: |
Pas de tags, Soyez le premier à ajouter un tag!
|
MARC
| LEADER | 00000naa$a2200000$$$4500 | ||
|---|---|---|---|
| 001 | 0269790 | ||
| 005 | 20240502083808.8 | ||
| 041 | 0 | |a eng | |
| 044 | |a BG | ||
| 245 | 1 | 0 | |a Use of European Union Funds in Financing of Small and Medium-sized Enterprises in the Slovak Republic |c Katarína Belanová |
| 520 | |a Zhodnotenie využívania fondov EÚ v rámci financovania malých a stredných podnikov v SR. Spôsoby, ako zlepšiť systém podporovania podnikov. Teoretické pozadie a prax financovania. Legislatívny a inštitucionálny rámec podpory. Prehľad finančných nástrojov v rokoch 2014-2020. | ||
| 610 | 2 | 0 | |a fondy Európskej únie |
| 610 | 2 | 0 | |a financovanie podnikov |
| 610 | 2 | 0 | |a podnik malý |
| 610 | 2 | 0 | |a podnik stredný |
| 610 | 2 | 0 | |a teória a prax |
| 100 | 1 | |a Belanová, Katarína, 1978- | |